01012nam a2200241Ia 4500003000900000008004100009020002200050040001600072080002200088245020400110260003000314300001400344490004700358650003300405650003100438650003800469700003500507700003300542700003100575942000700606999001700613952014000630IN-BaIIA211028s9999 xx 000 0 eng d a978-1-4020-5424-2 cIIA Library a524.5(082.1)bDIF 0aDiffuse matter from star forming regions to active galaxiesba volume honouring John Dysoncedited by T. W. Hartquist, J. M. Pittard and S. A. E. G. Falle  aDordrechtbSpringerc2007 axx, 342p. aAstrophysics and space science proceedings aActive galactic nuclei96209 aGalaxies-Congresses914448 aStars formation-Congresses919190 aFalle, S. A. E. G., ed.931036 aHartquist, T. W., ed.916640 aPittard, J. M., ed.931037 cBK c16653d16653 00104070aBANbBANcGENd2007-09-28eALL g6634.43l0o524.5(082.1)/ DIFp17575r2021-11-05v6634.43w2007-09-28yBKGRs. 6634.43